Implementación de un ensayo de eficiencia para motores eléctricos de inducción en el laboratorio de eficiencia energética del ICE
Bewaard in:
| Hoofdauteur: | |
|---|---|
| Andere auteurs: | |
| Formaat: | Boek |
| Taal: | Spanish |
| Gepubliceerd in: |
[San José, Costa Rica]
2011
|
| Onderwerpen: | |
| Tags: |
Voeg label toe
Geen labels, Wees de eerste die dit record labelt!
|
MARC
| LEADER | 00000nam a22000007a 4500 | ||
|---|---|---|---|
| 003 | 010629 | ||
| 005 | 20231003114836.0 | ||
| 008 | 151111b2011 cr a|||| |||| 00| ||spa d | ||
| 040 | |c cru CEDI | ||
| 090 | |a TFG 6461 | ||
| 100 | |9 1110 |a Montero Ramírez, Gustavo Adolfo, 1986- | ||
| 245 | |a Implementación de un ensayo de eficiencia para motores eléctricos de inducción en el laboratorio de eficiencia energética del ICE | ||
| 260 | |a [San José, Costa Rica] |c 2011 | ||
| 500 | |a Proyecto de graduación (bachillerato en ingeniería eléctrica)--Universidad de Costa Rica. Facultad de Ingeniería. Escuela de Ingeniería Eléctrica | ||
| 501 | |a Profesor Guía de IE-0502 Proyecto Eléctrico: Ing. Oscar Núñez Mata | ||
| 650 | |x MOTORES ELECTRICOS |x CONTROL AUTOMATICO |x CONTROL ELECTRONICO |9 2260 | ||
| 700 | |9 341 |a Núñez Mata, Oscar Fernando, 1970- |d Director del TFG | ||
| 942 | |c CEDI | ||
| 999 | |c 14489 |d 14489 | ||
